Statistics for 10 Most Literate countries in the World

Click here to take the quiz!

General Stats

  • This quiz has been taken 83 times
  • The average score is 5 of 10

Answer Stats

Literate rate %Answer% Correct
100Vatican
86%
100Andorra
71%
100Luxembourg
70%
100Norway
69%
100Liechtenstein
61%
99.8Estonia
43%
99.8Latvia
39%
99.8Cuba
21%
99.7Barbados
13%
99.8Azerbaijan
8%

Score Distribution

Percentile by Number Answered

Percent of People with Each Score

Your Score History

You have not taken this quiz